000 00410nam a2200169 a 4500
001 0000-8840
003 ELIB.Books
008 110520 1979
035 _a(ELIB.Books)0000-8986
082 _a230
_bSon
100 _aSong, Choan-Seng
245 _aThrid-Eye Theology
260 _bMaryknoll: Orbis Books
_c1979
650 _aTheology
942 _2ddc
_cBK
998 _cbat
_e2011-05-20
999 _c8840
_d8840